Create Success! (Record no. 23922)

MARC details
000 -LEADER
fixed length control field 00702nam a22002057a 4500
003 - CONTROL NUMBER IDENTIFIER
control field OSt
005 - DATE AND TIME OF LATEST TRANSACTION
control field 20260610154935.0
008 - FIXED-LENGTH DATA ELEMENTS--GENERAL INFORMATION
fixed length control field 260610b |||||||| |||| 00| 0 eng d
020 ## - INTERNATIONAL STANDARD BOOK NUMBER
International Standard Book Number 9781416611134
040 ## - CATALOGING SOURCE
Transcribing agency Chuka University Library
050 ## - LIBRARY OF CONGRESS CALL NUMBER
Classification number LB 1025.3 .R2 2011
100 ## - MAIN ENTRY--PERSONAL NAME
Personal name Rajagopal, Kadhir
9 (RLIN) 28458
245 ## - TITLE STATEMENT
Title Create Success!
Remainder of title Unlocking the Potential of Urban Students
260 ## - PUBLICATION, DISTRIBUTION, ETC.
Place of publication, distribution, etc. Virginia
Name of publisher, distributor, etc. ASCD
Date of publication, distribution, etc. 2011
300 ## - PHYSICAL DESCRIPTION
Extent Various Paging
Other physical details Bibliographical References, Illustrations
650 ## - SUBJECT ADDED ENTRY--TOPICAL TERM
Topical term or geographic name entry element Effective Teaching-United States
9 (RLIN) 27675
650 ## - SUBJECT ADDED ENTRY--TOPICAL TERM
Topical term or geographic name entry element Urban Youth-Education-United States
9 (RLIN) 28459
650 ## - SUBJECT ADDED ENTRY--TOPICAL TERM
Topical term or geographic name entry element Students With Disabilities-Education-United States
9 (RLIN) 28460
942 ## - ADDED ENTRY ELEMENTS (KOHA)
Source of classification or shelving scheme Library of Congress Classification
Koha item type Long Loan Books
Suppress in OPAC No
Holdings
Withdrawn status Lost status Source of classification or shelving scheme Damaged status Not for loan Collection Home library Current library Shelving location Date acquired Source of acquisition Total Checkouts Full call number Barcode Date last seen Cost, replacement price Price effective from Koha item type
    Library of Congress Classification     General Collection Books Main Campus Library Main Campus Library General Stacks 10/06/2026 Donation From the Books of Africa   LB 1025.3 .R2 2011 33912/2026 10/06/2026 3213.11 10/06/2026 Long Loan Books

Powered by Koha